000 00261cam a22000857a 4500
008 180718b1959 xxu||||| |||| 00| 0 eng d
082 _aQ31603x5442 B639p
245 _aThe Bombay Prevention of begining Act,1959
260 _aBombay
_bThe Government Central Press
_c1959
999 _c495155
_d495155